[Event "30th San Sebastian op"]
[Site "Donostia"]
[Date "2007.04.05"]
[Round "6.5"]
[White "Huerga Leache, Mikel"]
[Black "Petrov, Marijan"]
[Result "1/2-1/2"]
[WhiteElo "2344"]
[BlackElo "2472"]
[PlyCount "71"]
[EventDate "2007.04.01"]

1. e4 g6 2. d4 Bg7 3. Nf3 d6 4. Bc4 Nc6 5. Ng5 Nh6 6. d5 Na5 7. Be2 c6 8. O-O
cxd5 9. Qxd5 Nc6 10. Nc3 O-O 11. h3 Nd4 12. Bd1 Qc7 13. Nb5 Nxb5 14. Qxb5 Bd7
15. Qd3 b5 16. c3 a5 17. Be3 Kh8 18. Qd2 a4 19. a3 Bc6 20. Bc2 Ng8 21. f4 h6
22. Nf3 Qb7 23. e5 Bxf3 24. Rxf3 dxe5 25. fxe5 Bxe5 26. Bxh6 Nxh6 27. Qxh6+ Kg8
28. Kh1 Bg7 29. Qg5 Rad8 30. Re1 Bf6 31. Qh6 Qd5 32. Rxf6 exf6 33. Bxg6 fxg6
34. Qxg6+ Kh8 35. Qh6+ Kg8 36. Qg6+ 1/2-1/2

[Event "30th San Sebastian op"]
[Site "Donostia"]
[Date "2007.04.05"]
[Round "6.6"]
[White "Dobrev, Nanko"]
[Black "Gonzalez Menendez, Ivan"]
[Result "1-0"]
[WhiteElo "2470"]
[BlackElo "2401"]
[PlyCount "131"]
[EventDate "2007.04.01"]

1. d4 Nf6 2. Nf3 e6 3. c4 d5 4. cxd5 exd5 5. Bg5 Nbd7 6. Nc3 Bb4 7. e3 c5 8.
Bb5 Bxc3+ 9. bxc3 Qa5 10. Bxd7+ Bxd7 11. Bxf6 Qxc3+ 12. Nd2 gxf6 13. Rc1 Qd3
14. Rxc5 b6 15. Qc2 Qg6 16. Qxg6 hxg6 17. Rc3 Bb5 18. Kd1 Kd7 19. Kc2 Rac8 20.
Rxc8 Rxc8+ 21. Kb2 a5 22. Rc1 Rh8 23. h3 Kd6 24. Rc3 Bd7 25. Rb3 Rb8 26. e4 Bc6
27. f3 Ba4 28. Re3 Re8 29. f4 dxe4 30. Nxe4+ Ke7 31. Nd2+ Kd8 32. Nc4 Kc7 33.
Kc3 Rxe3+ 34. Nxe3 Kd6 35. Nc4+ Kc6 36. g4 Bd1 37. g5 fxg5 38. fxg5 Be2 39.
Ne5+ Kd5 40. Nxf7 b5 41. Ne5 b4+ 42. Kd2 Kxd4 43. Nc6+ Kc5 44. Nxa5 Bf1 45. h4
Kb5 46. Nb3 Ka4 47. Kc2 Ka3 48. Kb1 Bc4 49. Ka1 Bg8 50. Nd4 Bf7 51. Nb5+ Ka4
52. Nd6 Bd5 53. Kb2 Ka5 54. Ne8 Kb6 55. Nf6 Bf7 56. Nd7+ Kb5 57. Ne5 Be8 58.
Kb3 Kc5 59. Nd3+ Kd4 60. Nxb4 Ke4 61. a4 Kf3 62. a5 Bb5 63. h5 gxh5 64. g6 Be8
65. g7 Bf7+ 66. Kc3 1-0

[Event "30th San Sebastian op"]
[Site "Donostia"]
[Date "2007.04.05"]
[Round "6.7"]
[White "Llaneza Vega, Marcos"]
[Black "Gonzalez De La Torre, Sant"]
[Result "1-0"]
[WhiteElo "2469"]
[BlackElo "2388"]
[PlyCount "81"]
[EventDate "2007.04.01"]

1. e4 e5 2. Bc4 Nf6 3. d3 Nc6 4. Nc3 Bb4 5. Nge2 d5 6. exd5 Nxd5 7. O-O Bxc3 8.
Nxc3 Nxc3 9. bxc3 O-O 10. Qh5 Qd6 11. a4 Na5 12. Ba3 c5 13. Ba2 b6 14. Rae1 Nc6
15. f4 exf4 16. Bc1 Be6 17. Bxf4 Qd7 18. Bxe6 fxe6 19. Qe2 Rae8 20. Bg3 Rxf1+
21. Rxf1 Rf8 22. Re1 Rf6 23. Qh5 Rf5 24. Qe2 Kf7 25. h3 Qd5 26. Kh2 h5 27. Qe3
g5 28. Kh1 h4 29. Bh2 c4 30. Qe2 Na5 31. Be5 Ke7 32. Bh2 Nb7 33. dxc4 Qc6 34.
Qd3 Rf2 35. Qh7+ Kf8 36. Qh6+ Kf7 37. Qh5+ Kf8 38. Qxg5 Nc5 39. Rd1 Ne4 40.
Qd8+ Qe8 41. Qxh4 1-0

[Event "30th San Sebastian op"]
[Site "Donostia"]
[Date "2007.04.05"]
[Round "6.10"]
[White "Argandona Rivero, Inigo"]
[Black "Varas, Carlos"]
[Result "0-1"]
[WhiteElo "2400"]
[BlackElo "2239"]
[PlyCount "80"]
[EventDate "2007.04.01"]

1. d4 e6 2. Nf3 Nf6 3. Nbd2 c5 4. e3 Nc6 5. a3 d5 6. dxc5 Bxc5 7. b4 Bd6 8. Bb2
a6 9. c4 O-O 10. Be2 dxc4 11. Nxc4 Bc7 12. Qc2 b5 13. Ncd2 Bb7 14. Nb3 Bb6 15.
Nc5 Bxc5 16. Qxc5 Rc8 17. O-O Ne4 18. Qh5 Ne7 19. Rfd1 Qe8 20. Qe5 Nf5 21. Nd4
Nxd4 22. Qxd4 f6 23. Bf3 e5 24. Qd7 Rf7 25. Qxe8+ Rxe8 26. a4 Rc8 27. axb5 axb5
28. Be2 Bc6 29. f3 Ng5 30. h4 Ne6 31. Rd6 Nf8 32. Bd1 Rd7 33. Bb3+ Kh8 34. Rxc6
Rxc6 35. Ra8 h5 36. g4 hxg4 37. fxg4 Rd2 38. Rxf8+ Kh7 39. Bg8+ Kg6 40. Bf7+
Kh7 {!Ilegible!} 0-1

[Event "30th San Sebastian op"]
[Site "Donostia"]
[Date "2007.04.05"]
[Round "6.11"]
[White "Markosian, David S"]
[Black "Angulo Martinez, Jon"]
[Result "1/2-1/2"]
[WhiteElo "2352"]
[BlackElo "2165"]
[PlyCount "80"]
[EventDate "2007.04.01"]

1. d4 Nf6 2. Nf3 e6 3. Bg5 d5 4. e3 h6 5. Bh4 b6 6. c3 Be7 7. Nbd2 O-O 8. Bd3
Ba6 9. Bxa6 Nxa6 10. Ne5 Nb8 11. O-O Nfd7 12. Bg3 Nxe5 13. dxe5 Bh4 14. Qg4
Bxg3 15. hxg3 Qg5 16. Qf4 c5 17. Nf3 Qxf4 18. gxf4 Nc6 19. Rfd1 Rfd8 20. Rd2
Kf8 21. g3 Ke7 22. Kg2 Rh8 23. Rh1 Rad8 24. g4 h5 25. gxh5 Rh6 26. Rc2 Rdh8 27.
b4 c4 28. b5 Na5 29. Nd4 g6 30. f3 Rxh5 31. Rxh5 Rxh5 32. e4 dxe4 33. fxe4 Rh4
34. Kg3 Rh1 35. Kg4 Rg1+ 36. Kf3 Rf1+ 37. Ke3 Re1+ 38. Re2 Rc1 39. Rc2 Re1+ 40.
Re2 Rc1 1/2-1/2

[Event "30th San Sebastian op"]
[Site "Donostia"]
[Date "2007.04.05"]
[Round "6.12"]
[White "Rodriguez Gonzalez, Alex"]
[Black "Vul, Arkadi Eremeevich"]
[Result "1/2-1/2"]
[WhiteElo "2091"]
[BlackElo "2324"]
[PlyCount "25"]
[EventDate "2007.04.01"]

1. e4 e5 2. Nc3 Nf6 3. f4 d5 4. fxe5 Nxe4 5. Qf3 f5 6. Nh3 Nc6 7. Bb5 Bd7 8.
Bxc6 bxc6 9. d3 Qh4+ 10. Kf1 Nxc3 11. bxc3 Qg4 12. Nf4 Be7 13. Rb1 1/2-1/2

[Event "30th San Sebastian op"]
[Site "Donostia"]
[Date "2007.04.05"]
[Round "6.13"]
[White "Aabling-Thomsen, Jakob"]
[Black "Kulago, Alexander"]
[Result "1-0"]
[WhiteElo "2267"]
[BlackElo "2143"]
[PlyCount "65"]
[EventDate "2007.04.01"]

1. e4 e5 2. f4 d5 3. exd5 c6 4. Nc3 exf4 5. Nf3 Bd6 6. d4 Ne7 7. dxc6 Nbxc6 8.
Bc4 Bf5 9. O-O Nb4 10. Bb3 O-O 11. Ng5 Qb6 12. Bxf4 Rad8 13. Kh1 Bxf4 14. Rxf4
Qg6 15. Nf3 Bxc2 16. Qe2 Bxb3 17. axb3 Nec6 18. Re4 a6 19. Rf1 Nd5 20. Nh4 Qg5
21. Rg4 Qe7 22. Rxg7+ Kxg7 23. Nf5+ Kh8 24. Nxe7 Ncxe7 25. Ne4 f5 26. Ng5 Ng6
27. Qh5 Rd7 28. g3 Ne3 29. Re1 Re8 30. Nxh7 Rxh7 31. Qxg6 Ree7 32. Qf6+ Kg8 33.
Rxe3 1-0

[Event "30th San Sebastian op"]
[Site "Donostia"]
[Date "2007.04.05"]
[Round "6.14"]
[White "Garay Lenne, Luis Maria"]
[Black "Llaneza Vega, Patricia"]
[Result "1/2-1/2"]
[WhiteElo "1984"]
[BlackElo "2249"]
[PlyCount "83"]
[EventDate "2007.04.01"]

1. e4 c5 2. Nf3 Nc6 3. c3 Nf6 4. e5 Nd5 5. d4 cxd4 6. cxd4 d6 7. Bc4 Nb6 8. Bb3
e6 9. O-O Be7 10. Nc3 O-O 11. Bf4 dxe5 12. dxe5 Qxd1 13. Raxd1 Bd7 14. Be3 Rad8
15. Ne4 Na5 16. Bc5 Bxc5 17. Nxc5 Bc6 18. Rxd8 Rxd8 19. Rd1 Rxd1+ 20. Bxd1 Nbc4
21. Nd3 Be4 22. Nfe1 Nc6 23. f4 Nd4 24. Kf2 Bg6 25. b3 Na3 26. Ke3 Nf5+ 27. Kf2
Kf8 28. g4 Nd4 29. Ke3 Ndb5 30. Nc2 Nc3 31. Nxa3 Nxd1+ 32. Kd2 Bxd3 33. Kxd1 h6
34. Kd2 Bf1 35. g5 h5 36. b4 Ke7 37. Ke1 Bd3 38. Kd2 Be4 39. Nb5 Bd5 40. Nxa7
Bxa2 41. Nc8+ Kf8 42. Ke3 1/2-1/2

[Event "30th San Sebastian op"]
[Site "Donostia"]
[Date "2007.04.05"]
[Round "6.15"]
[White "Bert, Jerome"]
[Black "Yrjola, Jouni"]
[Result "0-1"]
[WhiteElo "2117"]
[BlackElo "2384"]
[PlyCount "71"]
[EventDate "2007.04.01"]

1. e4 c5 2. Nf3 Nc6 3. d4 cxd4 4. Nxd4 Nf6 5. Nc3 d6 6. Bc4 e6 7. Bb3 a6 8. Be3
Qc7 9. Qe2 Na5 10. O-O-O b5 11. g4 b4 12. Nd5 Nxb3+ 13. axb3 exd5 14. exd5 Be7
15. Bg5 O-O 16. Nc6 Bd8 17. f3 Bb7 18. Qc4 Rc8 19. Nxd8 Qxd8 20. Qxb4 Qc7 21.
c3 Nxd5 22. Qd4 Qa5 23. h4 Qa2 24. Qa4 Qxa4 25. bxa4 Rc4 26. Rd4 Rxd4 27. cxd4
Rc8+ 28. Kd2 Rc4 29. Kd3 Rb4 30. Re1 h6 31. Re8+ Kh7 32. Bc1 Rb3+ 33. Kc4 Rxf3
34. Rb8 Bc6 35. a5 Nc7 36. Rc8 0-1

[Event "30th San Sebastian op"]
[Site "Donostia"]
[Date "2007.04.06"]
[Round "7.1"]
[White "Pakleza, Zbigniew"]
[Black "San Segundo Carrillo, Pablo"]
[Result "1-0"]
[WhiteElo "2446"]
[BlackElo "2539"]
[PlyCount "72"]
[EventDate "2007.04.01"]

1. d4 Nf6 2. Nf3 g6 3. Bf4 Bg7 4. e3 O-O 5. Be2 c5 6. c3 b6 7. O-O d6 8. h3 Ba6
9. a4 Bxe2 10. Qxe2 Qc8 11. Nbd2 Nc6 12. Rfd1 Qb7 13. Bg5 Rfe8 14. Bh4 a6 15.
Ra3 h6 16. Ne1 Nd7 17. Qf3 b5 18. axb5 axb5 19. Rxa8 Qxa8 20. Nc2 Qb7 21. Ra1
Nb6 22. Ne4 Nd7 23. Bg3 Qb6 24. h4 cxd4 25. exd4 d5 26. Nd2 e6 27. b4 Qb7 28.
Nb3 Ra8 29. Qd1 Ra7 30. Qf1 Rxa1 31. Qxa1 e5 32. dxe5 Ncxe5 33. Ncd4 Nc6 34.
Na5 Nxa5 35. Qxa5 Bxd4 36. Qd8+ Nf8 {Ilegible!!!!} 1-0

[Event "30th San Sebastian op"]
[Site "Donostia"]
[Date "2007.04.06"]
[Round "7.3"]
[White "Spraggett, Kevin"]
[Black "Llaneza Vega, Marcos"]
[Result "1-0"]
[WhiteElo "2631"]
[BlackElo "2469"]
[PlyCount "96"]
[EventDate "2007.04.01"]

1. e4 c5 2. Nf3 Nc6 3. d4 cxd4 4. Nxd4 Nf6 5. Nc3 e5 6. Ndb5 d6 7. Bg5 a6 8.
Na3 b5 9. Nd5 Qa5+ 10. Bd2 Qd8 11. Bd3 Nxd5 12. exd5 Ne7 13. c4 g6 14. O-O Bg7
15. cxb5 O-O 16. Bb4 a5 17. Bc3 Nxd5 18. Qf3 Be6 19. Be4 Nxc3 20. Bxa8 Qxa8 21.
Qxc3 e4 22. Qd2 d5 23. Rac1 Rb8 24. Rc6 Rxb5 25. Nxb5 Qxc6 26. Nd4 Qb6 27. Nxe6
fxe6 28. b3 Bd4 29. Kh1 Kg7 30. g3 h6 31. Kg2 g5 32. Rc1 e5 33. Qc2 Qf6 34.
Qc7+ Qf7 35. a3 Bb2 36. Qxf7+ Kxf7 37. Rc5 Ke6 38. Rxa5 d4 39. g4 Kd6 40. Kf1
d3 41. a4 Bd4 42. Rb5 e3 43. fxe3 Bxe3 44. a5 e4 45. a6 Bg1 46. Rb8 Kc7 47.
Rb7+ Kc6 48. Re7 Kd5 1-0

[Event "30th San Sebastian op"]
[Site "Donostia"]
[Date "2007.04.06"]
[Round "7.4"]
[White "Sakelsek, Tadej"]
[Black "Andres Gonzalez, Ivan"]
[Result "1/2-1/2"]
[WhiteElo "2487"]
[BlackElo "2372"]
[PlyCount "73"]
[EventDate "2007.04.01"]

1. e4 c5 2. Nf3 d6 3. d4 cxd4 4. Nxd4 Nf6 5. Nc3 a6 6. Be3 e6 7. g4 b5 8. Bg2
Bb7 9. a3 Nfd7 10. Qe2 Nb6 11. O-O-O N8d7 12. f4 Rc8 13. Bd2 Nc4 14. Be1 g5 15.
f5 e5 16. Nb3 Qb6 17. Bf2 Qc7 18. Rd3 Ndb6 19. Nd2 h5 20. Nxc4 Nxc4 21. gxh5 g4
22. Kb1 Qa5 23. Nd5 Bxd5 24. Rxd5 Bh6 25. c3 O-O 26. Rd3 Nxa3+ 27. bxa3 Rxc3
28. Rxc3 Qxc3 29. Qb2 Qd3+ 30. Qc2 Qxa3 31. Rd1 Kh7 32. Rd3 Qa5 33. Qa2 Qc7 34.
Qc2 Qa5 35. Bf1 Qa4 36. Rb3 Qc4 37. Rc3 {Ilegible} 1/2-1/2

[Event "30th San Sebastian op"]
[Site "Donostia"]
[Date "2007.04.06"]
[Round "7.7"]
[White "Petrov, Marijan"]
[Black "Fernandez Garcia, Jose Luis"]
[Result "1/2-1/2"]
[WhiteElo "2472"]
[BlackElo "2467"]
[PlyCount "26"]
[EventDate "2007.04.01"]

1. e4 e5 2. Nf3 Nc6 3. Bb5 a6 4. Ba4 Nf6 5. O-O Be7 6. Bxc6 dxc6 7. d3 Nd7 8.
Nbd2 O-O 9. Nc4 Bd6 10. b3 c5 11. Bb2 Re8 12. a4 b6 13. Qe1 Rb8 1/2-1/2

[Event "30th San Sebastian op"]
[Site "Donostia"]
[Date "2007.04.06"]
[Round "7.8"]
[White "Varas, Carlos"]
[Black "Sebenik, Matej"]
[Result "1/2-1/2"]
[WhiteElo "2239"]
[BlackElo "2483"]
[PlyCount "71"]
[EventDate "2007.04.01"]

1. e4 g6 2. d4 Bg7 3. Nf3 c5 4. Nc3 cxd4 5. Nxd4 Nc6 6. Be3 Nf6 7. Be2 O-O 8.
Nb3 a5 9. a4 d5 10. exd5 Nb4 11. Bf3 e6 12. O-O exd5 13. Nd4 b6 14. Qd2 Bg4 15.
Bg5 Bxf3 16. Nxf3 Rc8 17. Rad1 Qc7 18. Bf4 Qc4 19. Ne5 Qa6 20. Nd3 Nxd3 21.
cxd3 Qb7 22. Bh6 d4 23. Nb5 Qd5 24. Bxg7 Kxg7 25. b4 axb4 26. Qxb4 Rfd8 27. Rb1
Rc5 28. Na3 Rc3 29. Nc4 Rxd3 30. Nxb6 Qa5 31. Qb5 Qxb5 32. axb5 Rb8 33. Nc4 Nd5
34. Ne5 Rd2 35. Nf3 Rd3 36. Ne5 1/2-1/2

[Event "30th San Sebastian op"]
[Site "Donostia"]
[Date "2007.04.06"]
[Round "7.9"]
[White "Narayanan, Srinath"]
[Black "Jerez Perez, Alfonso"]
[Result "0-1"]
[WhiteElo "2280"]
[BlackElo "2413"]
[PlyCount "54"]
[EventDate "2007.04.01"]

1. e4 c5 2. Nf3 d6 3. d4 cxd4 4. Nxd4 Nf6 5. Nc3 Nc6 6. f3 Nxd4 7. Qxd4 g6 8.
Bb5+ Bd7 9. Bxd7+ Qxd7 10. Nd5 Bg7 11. Bg5 Nh5 12. Qc4 Rc8 13. Qb3 e6 14. Ne3
Rc5 15. Bh4 Rb5 16. Qa4 Rxb2 17. Qxa7 Qb5 18. Rd1 O-O 19. Qa3 Nf4 20. Rd2 Rb1+
21. Nd1 Bd4 22. c4 Qxc4 23. Qxd6 Nd3+ 24. Ke2 Nb2+ 25. Ke1 Rxd1+ 26. Rxd1 Nxd1
27. Kxd1 Qd3+ 0-1

[Event "30th San Sebastian op"]
[Site "Donostia"]
[Date "2007.04.06"]
[Round "7.10"]
[White "Gonzalez Menendez, Ivan"]
[Black "Hernandez, Elvis"]
[Result "1-0"]
[WhiteElo "2401"]
[BlackElo "2283"]
[PlyCount "73"]
[EventDate "2007.04.01"]

1. e4 e6 2. d4 d5 3. Nd2 Nf6 4. e5 Nfd7 5. Bd3 c5 6. c3 Nc6 7. Ngf3 Qb6 8. O-O
g6 9. Re1 Bg7 10. h4 h6 11. c4 Nxd4 12. cxd5 O-O 13. d6 Nc6 14. Nc4 Qd8 15. a4
b6 16. Bf4 Bb7 17. Be4 Rb8 18. Qd2 Kh7 19. Qe2 Nb4 20. Bxb7 Rxb7 21. Qe4 Rb8
22. Ne3 Qc8 23. h5 Qb7 24. Qb1 Rg8 25. Bg3 Nc6 26. Ng4 Qc8 27. Qe4 Nb4 28. Nh4
Qe8 29. Ra3 Bf8 30. Rf3 Kh8 31. hxg6 fxg6 32. Nf6 Nxf6 33. Rxf6 Kh7 34. Nxg6
Rxg6 35. d7 Qxd7 36. Qxg6+ Kh8 37. Rf7 1-0

[Event "30th San Sebastian op"]
[Site "Donostia"]
[Date "2007.04.06"]
[Round "7.12"]
[White "Yrjola, Jouni"]
[Black "Martin Alvarez, Inigo"]
[Result "1-0"]
[WhiteElo "2384"]
[BlackElo "2173"]
[PlyCount "95"]
[EventDate "2007.04.01"]

1. d4 Nf6 2. c4 e5 3. dxe5 Ng4 4. Bf4 Nc6 5. Nf3 Bb4+ 6. Nbd2 Qe7 7. e3 Ngxe5
8. Nxe5 Nxe5 9. Be2 Bxd2+ 10. Qxd2 d6 11. Qc3 b6 12. c5 bxc5 13. Bxe5 Qxe5 14.
Qxe5+ dxe5 15. Rc1 Be6 16. b3 c4 17. Bxc4 Bxc4 18. Rxc4 O-O-O 19. Ke2 Rhe8 20.
Rhc1 Re7 21. Rh4 h6 22. Ra4 Kb7 23. Rb4+ Kc8 24. Rc5 Rd6 25. Ra4 a6 26. g4 Kb7
27. h3 Rde6 28. Re4 Rc6 29. Rexe5 Rxe5 30. Rxe5 Rc2+ 31. Kf3 Rxa2 32. Re7 Rb2
33. Rxf7 Rxb3 34. Rxg7 a5 35. g5 hxg5 36. Rxg5 Kb6 37. h4 a4 38. h5 Rb1 39. Rg8
Rh1 40. Ra8 Kb5 41. Kg4 Kb4 42. Rb8+ Kc4 43. Ra8 Kb4 44. e4 Ka3 45. e5 c5 46.
e6 Re1 47. Kf5 Kb3 48. h6 1-0

[Event "30th San Sebastian op"]
[Site "Donostia"]
[Date "2007.04.06"]
[Round "7.13"]
[White "Fogel, Pierre"]
[Black "Markosian, David S"]
[Result "0-1"]
[WhiteElo "2171"]
[BlackElo "2352"]
[PlyCount "77"]
[EventDate "2007.04.01"]

1. c4 Nf6 2. Nc3 g6 3. g3 Bg7 4. Bg2 O-O 5. Nf3 d6 6. O-O e5 7. d4 Nbd7 8. e4
Re8 9. dxe5 dxe5 10. Qc2 c6 11. h3 Qc7 12. Be3 Bf8 13. Rfe1 b6 14. a3 a5 15.
Nd2 Rd8 16. Ne2 Nc5 17. f4 exf4 18. gxf4 Nh5 19. f5 Bd6 20. Nf3 Re8 21. Nc3 Bg3
22. Rf1 gxf5 23. Bxc5 bxc5 24. exf5 Qf4 25. Qc1 Bxf5 26. Qxf4 Bxf4 27. Nh4 Bd7
28. Rad1 Be3+ 29. Kh2 Bd4 30. Ne4 Be6 31. b3 Rab8 32. Rd3 a4 33. Nd2 axb3 34.
Bxc6 Red8 35. Kg2 b2 36. Nf5 Be5 37. Bd5 Nf4+ 38. Rxf4 Bxf4 39. Nb1 0-1

[Event "30th San Sebastian op"]
[Site "Donostia"]
[Date "2007.04.06"]
[Round "7.14"]
[White "Saravanan, V."]
[Black "Angulo Martinez, Jon"]
[Result "1-0"]
[WhiteElo "2349"]
[BlackElo "2165"]
[PlyCount "71"]
[EventDate "2007.04.01"]

1. Nf3 Nf6 2. c4 b6 3. g3 Bb7 4. Bg2 e5 5. Nc3 d6 6. O-O g6 7. e4 Bg7 8. d4
Nxe4 9. Nxe4 Bxe4 10. Re1 d5 11. Nxe5 O-O 12. f3 Bf5 13. cxd5 f6 14. Nd3 Qxd5
15. f4 Qxd4+ 16. Be3 Qxd3 17. Qxd3 Bxd3 18. Bxa8 c6 19. Bd4 f5 20. Bxg7 Kxg7
21. Re7+ Rf7 22. Rxf7+ Kxf7 23. Rd1 Be4 24. Rd8 Na6 25. Rd7+ Ke6 26. Rxa7 Nb4
27. Kf1 h6 28. Ke2 g5 29. a3 Nc2 30. Rh7 gxf4 31. gxf4 Kd5 32. Kd2 Nd4 33. Rxh6
Kc4 34. h4 Nf3+ 35. Ke3 Nh2 36. Rg6 1-0

[Event "30th San Sebastian op"]
[Site "Donostia"]
[Date "2007.04.06"]
[Round "7.15"]
[White "Cabrera Trujillo, Jorge"]
[Black "Rodriguez Gonzalez, Alex"]
[Result "1-0"]
[WhiteElo "2334"]
[BlackElo "2091"]
[PlyCount "79"]
[EventDate "2007.04.01"]

1. e4 d6 2. d4 Nf6 3. Nc3 g6 4. f4 Bg7 5. Nf3 c5 6. Bb5+ Bd7 7. e5 Ng4 8. Bxd7+
Qxd7 9. d5 dxe5 10. h3 e4 11. hxg4 exf3 12. Qxf3 Na6 13. Bd2 Nb4 14. O-O-O
O-O-O 15. Ne4 Nxa2+ 16. Kb1 Qb5 17. Qa3 Nb4 18. Nxc5 Nxd5 19. c4 Bxb2 20. Qxa7
Qb6 21. Qxb6 Nxb6 22. Kxb2 Nxc4+ 23. Kc3 b5 24. Bc1 Rxd1 25. Rxd1 h5 26. g5 e5
27. fxe5 Kc7 28. Bf4 Kc6 29. Nd3 Ra8 30. Nb4+ Kc5 31. Rd5+ Kb6 32. Rd2 Ra3+ 33.
Kd4 Ra4 34. Nd5+ Ka6 35. Kc5 Nb6 36. Nxb6 Rxf4 37. Nd5 Rc4+ 38. Kd6 b4 39. Rf2
b3 40. Rf3 1-0

[Event "30th San Sebastian op"]
[Site "Donostia"]
[Date "2007.04.06"]
[Round "7.17"]
[White "Darrigues, Alain"]
[Black "Huesmann, Thomas"]
[Result "0-1"]
[WhiteElo "1992"]
[BlackElo "2295"]
[PlyCount "72"]
[EventDate "2007.04.01"]

1. d4 f5 2. e4 fxe4 3. Nc3 Nf6 4. Bg5 Nc6 5. d5 Ne5 6. Qe2 c6 7. O-O-O cxd5 8.
Bxf6 gxf6 9. Qh5+ Nf7 10. Qxd5 e6 11. Qxe4 f5 12. Qd4 Bh6+ 13. Kb1 O-O 14. Bc4
b5 15. Nxb5 Bg7 16. Qd3 Qb6 17. Qe3 Qb7 18. Nd4 a5 19. a4 Ne5 20. Bb3 Ng4 21.
Qg3 Kh8 22. h3 Nf6 23. f3 d5 24. Nge2 Bd7 25. Nc3 Ne8 26. Rhe1 Qb6 27. Ncb5 Rc8
28. f4 Nf6 29. Qe3 Ne4 30. g4 Bxb5 31. axb5 a4 32. Bxa4 Rc4 33. Nxe6 Qxe6 34.
gxf5 Qf6 35. c3 Rxc3 36. Qa7 Rc1+ 0-1

[Event "30th San Sebastian op"]
[Site "Donostia"]
[Date "2007.04.06"]
[Round "7.18"]
[White "Hanly, Steven"]
[Black "Argandona Rivero, Inigo"]
[Result "0-1"]
[WhiteElo "1986"]
[BlackElo "2400"]
[PlyCount "132"]
[EventDate "2007.04.01"]

1. d4 d5 2. Nf3 Nf6 3. e3 Nbd7 4. Bd3 g6 5. b3 Bg7 6. Bb2 O-O 7. Nbd2 Re8 8.
O-O e5 9. Nxe5 Nxe5 10. dxe5 Ng4 11. Nf3 Nxe5 12. Nxe5 Bxe5 13. Bxe5 Rxe5 14.
c4 Be6 15. Qc2 dxc4 16. Bxc4 Rc5 17. Qe4 Bxc4 18. bxc4 b6 19. Rfd1 Qe8 20. Qd4
Qc6 21. Rac1 Re8 22. Qd7 Qxd7 23. Rxd7 Re6 24. Rd5 Rec6 25. Rxc5 Rxc5 26. Kf1
Kf8 27. Ke2 Ke7 28. e4 Ra5 29. Rc2 Kd6 30. Rd2+ Kc5 31. Rd7 Rxa2+ 32. Kf3 Kc6
33. Rxf7 a5 34. Rxh7 a4 35. Rh8 Ra1 36. Rd8 Kc5 37. Rd7 c6 38. e5 Re1 39. Ra7
b5 40. cxb5 cxb5 41. Kf4 Kb4 42. Ra6 a3 43. e6 Kb3 44. Kg5 a2 45. Kf6 Kb2 46.
e7 a1=Q 47. Rxa1 Kxa1 48. Kf7 b4 49. e8=Q Rxe8 50. Kxe8 b3 51. Kf7 b2 52. Kxg6
b1=Q+ 53. Kg5 Qg1 54. f4 Qxg2+ 55. Kf6 Qxh2 56. f5 Qd6+ 57. Kg7 Qe7+ 58. Kg6
Qf8 59. f6 Kb2 60. f7 Kc3 61. Kf6 Kd4 62. Ke6 Kc5 63. Kf6 Kd6 64. Kg6 Ke6 65.
Kh7 Qxf7+ 66. Kh8 Qe7 0-1

[Event "30th San Sebastian op"]
[Site "Donostia"]
[Date "2007.04.06"]
[Round "7.19"]
[White "Wannebroucq, Sebastien"]
[Black "Tung, Kai Ming"]
[Result "0-1"]
[WhiteElo "2146"]
[BlackElo "2082"]
[PlyCount "92"]
[EventDate "2007.04.01"]

1. Nf3 e6 2. g3 b6 3. Bg2 Bb7 4. O-O f5 5. d4 Nf6 6. c4 Bd6 7. Nc3 O-O 8. Nb5
Nc6 9. Nxd6 cxd6 10. b3 d5 11. Ba3 Re8 12. cxd5 Nxd5 13. Bd6 Nc3 14. Qd3 Ne4
15. Ba3 Ne7 16. Bxe7 Qxe7 17. Rfc1 Rac8 18. Nd2 Rxc1+ 19. Rxc1 Qa3 20. Rc2 Ba6
21. Nc4 Qb4 22. Bxe4 Qe1+ 23. Kg2 fxe4 24. Qd2 Qxd2 25. Rxd2 Bxc4 26. bxc4 Rc8
27. Rc2 d5 28. c5 Kf7 29. f3 exf3+ 30. Kxf3 bxc5 31. Rxc5 Rxc5 32. dxc5 e5 33.
Ke3 Ke6 34. Kd3 Kd7 35. Kc3 Kc6 36. Kb4 e4 37. a4 a5+ 38. Kc3 Kxc5 39. e3 h5
40. h3 g5 41. h4 g4 42. Kc2 Kb4 43. Kd2 Kxa4 44. Kc3 Kb5 45. Kd4 Kc6 46. Kc3
Kc5 0-1